[Event "XIX Festival A"]
[Site "Arco ITA"]
[Date "2007.10.26"]
[Round "7"]
[White "Lazic, Miroljub"]
[Black "Zucchelli, Massimo"]
[Result "1-0"]
[WhiteElo "2492"]
[BlackElo "2118"]
[PlyCount "67"]
[EventDate "2007.10.20"]

1. Nf3 d5 2. b3 Nf6 3. Bb2 c6 4. d3 Bg4 5. Nbd2 Nbd7 6. h3 Bh5 7. g3 e6 8. Bg2
Bd6 9. e4 dxe4 10. dxe4 Be5 11. c3 Bxf3 12. Qxf3 b5 13. Qe2 b4 14. Nc4 Bxc3+
15. Bxc3 bxc3 16. O-O O-O 17. Rac1 a5 18. Rxc3 e5 19. Rfc1 c5 20. Nb2 Qe7 21.
Na4 Rfc8 22. Qe3 Nf8 23. Rxc5 Rxc5 24. Qxc5 Qe6 25. Nb6 Ra6 26. Nd5 N6d7 27.
Qc8 Qd6 28. Bf1 Ra7 29. Bb5 h6 30. Bxd7 Rxd7 31. Rc6 Qa3 32. Qe8 Ra7 33. b4
Qxa2 34. Qxf8+ 1-0

[Event "XIX Festival A"]
[Site "Arco ITA"]
[Date "2007.10.26"]
[Round "7"]
[White "Lazzaroni, Fabio"]
[Black "Dalla Vecchia, Paolo"]
[Result "0-1"]
[WhiteElo "1697"]
[BlackElo "1829"]
[PlyCount "114"]
[EventDate "2007.10.20"]

1. e4 e5 2. Nf3 Nc6 3. Bc4 Bc5 4. c3 d6 5. d4 exd4 6. cxd4 Bb4+ 7. Bd2 Bxd2+ 8.
Qxd2 Nf6 9. d5 Ne7 10. Nc3 Ng6 11. O-O O-O 12. Nd4 a6 13. a4 Re8 14. Rae1 Ne5
15. Bb3 Ned7 16. h3 Nc5 17. Bc2 a5 18. f4 c6 19. Kh1 Qc7 20. Nf3 Bd7 21. g4
cxd5 22. e5 Nce4 23. Bxe4 Nxe4 24. Nxe4 dxe4 25. Rxe4 dxe5 26. Rxe5 Rxe5 27.
Nxe5 Bxa4 28. Rc1 Qe7 29. Qd4 Bb3 30. Qf2 f6 31. Nf3 Bd5 32. Kh2 Bxf3 33. Qxf3
Re8 34. Rc2 Qe4 35. Qxe4 Rxe4 36. Kg3 Kf7 37. Rc7+ Re7 38. Rc5 b6 39. Rb5 Rb7
40. Kf3 Ke6 41. Ke4 Kd6 42. Kd4 Kc6 43. Rb3 Rd7+ 44. Ke3 b5 45. Rc3+ Kb6 46. b3
b4 47. Rc1 Kb5 48. Ra1 Rc7 49. Rd1 Rc3+ 50. Ke4 Rxb3 51. Rd5+ Ka4 52. h4 Rb1
53. Kf5 b3 54. g5 fxg5 55. hxg5 b2 56. Rd2 Kb3 57. Rd3+ Kc2 0-1

[Event "XIX Festival A"]
[Site "Arco ITA"]
[Date "2007.10.26"]
[Round "7"]
[White "Maneschi, Giuseppe"]
[Black "Tomassoni, Leonardo"]
[Result "1-0"]
[WhiteElo "2071"]
[BlackElo "1975"]
[PlyCount "39"]
[EventDate "2007.10.20"]

1. c4 Nf6 2. g3 g6 3. Bg2 Bg7 4. Nc3 c6 5. e4 d6 6. Nge2 O-O 7. O-O e5 8. d3
Bg4 9. h3 Be6 10. Kh2 Na6 11. f4 Nc7 12. f5 Bd7 13. g4 Nxg4+ 14. hxg4 Qh4+ 15.
Bh3 gxf5 16. exf5 d5 17. Qe1 Qe7 18. Ng3 Bf6 19. Nh5 Bh4 20. f6 1-0

[Event "XIX Festival A"]
[Site "Arco ITA"]
[Date "2007.10.26"]
[Round "7"]
[White "Marini, Lucio"]
[Black "Sigillo, Carmelo"]
[Result "1-0"]
[WhiteElo "1860"]
[BlackElo "1595"]
[PlyCount "61"]
[EventDate "2007.10.20"]

1. c4 Nf6 2. Nc3 g6 3. g3 Bg7 4. Bg2 O-O 5. d3 Nc6 6. e3 d6 7. Nge2 e5 8. O-O
Be6 9. Nd5 Rb8 10. Nec3 h5 11. Rb1 h4 12. b4 hxg3 13. hxg3 Qd7 14. b5 Nd8 15.
Qa4 c6 16. Qxa7 Bxd5 17. Qxb8 Bxg2 18. Kxg2 Ne6 19. Qa7 Ng5 20. Rh1 Qf5 21. e4
Qf3+ 22. Kg1 Qxd3 23. Bxg5 Qxc3 24. Rc1 Qf3 25. Qe3 Qxe4 26. Qxe4 Nxe4 27. Be3
Ra8 28. Rc2 Ra3 29. Kg2 d5 30. cxd5 cxd5 31. Rc8+ 1-0

[Event "XIX Festival A"]
[Site "Arco ITA"]
[Date "2007.10.26"]
[Round "7"]
[White "McClement, Andrew"]
[Black "Allegranti, Luca"]
[Result "1-0"]
[WhiteElo "1594"]
[BlackElo "2040"]
[PlyCount "141"]
[EventDate "2007.10.20"]

1. d4 f5 2. Bf4 Nf6 3. e3 g6 4. h4 h6 5. Nf3 d6 6. c4 Bg7 7. Nc3 O-O 8. Bd3 Nc6
9. Qd2 Qe8 10. e4 fxe4 11. Nxe4 Nxe4 12. Bxe4 e5 13. dxe5 Nxe5 14. Nxe5 Bxe5
15. Bxe5 Qxe5 16. Qd5+ Qxd5 17. Bxd5+ Kg7 18. O-O c6 19. Bf3 Be6 20. b3 Rf4 21.
Rad1 Rd8 22. Rd2 Rf7 23. Rfd1 Rfd7 24. Kf1 Kf6 25. Rd4 g5 26. Ke2 Bf5 27. R1d2
c5 28. hxg5+ hxg5 29. Rd5 g4 30. Rxf5+ Kxf5 31. Rd5+ Kf6 32. Bxg4 Re7+ 33. Kd2
Re5 34. Bf3 b6 35. a4 Rxd5+ 36. Bxd5 Re8 37. g3 Kg5 38. Bf3 Re7 39. Kd1 Kf5 40.
Kd2 Re8 41. Bc6 Re5 42. Bf3 Re7 43. Bd5 Kg4 44. Kd1 Kh3 45. Kd2 Kh2 46. g4 Kh3
47. f3 Kg3 48. Kd3 Kf4 49. Be4 Re8 50. Bd5 Re3+ 51. Kc2 Ke5 52. Be4 Kd4 53. g5
Re2+ 54. Kd1 Rg2 55. g6 Ke5 56. Kc1 Kf6 57. Bc2 Rxc2+ 58. Kxc2 Kxg6 59. Kd3 Kf5
60. Ke3 Ke5 61. f4+ Kf5 62. Kf3 a6 63. Ke3 d5 64. cxd5 b5 65. axb5 axb5 66. Kd3
Kf6 67. Ke4 Kf7 68. f5 Ke7 69. Ke5 Ke8 70. f6 Kd7 71. d6 1-0

[Event "XIX Festival A"]
[Site "Arco ITA"]
[Date "2007.10.26"]
[Round "7"]
[White "Moncelli, Giorgio"]
[Black "De Santis, Alessio"]
[Result "1/2-1/2"]
[WhiteElo "2129"]
[BlackElo "2367"]
[PlyCount "32"]
[EventDate "2007.10.20"]

1. d4 g6 2. c4 Bg7 3. Nc3 d6 4. e4 Nc6 5. Be3 e5 6. Nge2 Bd7 7. d5 Nce7 8. Qd2
f5 9. f3 b6 10. Nc1 Nf6 11. Be2 O-O 12. Nd3 a5 13. b3 h5 14. O-O-O Kh7 15. g3
c5 16. a4 fxe4 1/2-1/2

[Event "XIX Festival A"]
[Site "Arco ITA"]
[Date "2007.10.26"]
[Round "7"]
[White "Naumkin, Igor"]
[Black "Salvador, Roland"]
[Result "1-0"]
[WhiteElo "2486"]
[BlackElo "2456"]
[PlyCount "79"]
[EventDate "2007.10.20"]

1. d4 Nf6 2. c4 e6 3. Nf3 c5 4. d5 b5 5. Bg5 exd5 6. cxd5 d6 7. e4 a6 8. Bxf6
Qxf6 9. Nc3 Be7 10. Be2 O-O 11. O-O Nd7 12. Qc2 Qg6 13. a4 b4 14. Nd1 Bf6 15.
Ne3 Ne5 16. Nd2 Re8 17. Rae1 Qh6 18. f4 Ng6 19. g3 Bd4 20. Bf3 Bh3 21. Bg2 f5
22. Kh1 fxe4 23. Nxe4 b3 24. Qd3 Bxg2+ 25. Kxg2 Nh4+ 26. gxh4 Qg6+ 27. Kf3 Qh5+
28. Kg3 Qg6+ 29. Ng4 Kh8 30. f5 Qf7 31. Ng5 Qxd5 32. f6 g6 33. Re7 Rxe7 34.
fxe7 Be5+ 35. Nxe5 Qxe5+ 36. Kh3 Kg8 37. Qc4+ d5 38. Qxc5 Re8 39. Rf8+ Kg7 40.
Rxe8 $139 1-0

[Event "XIX Festival A"]
[Site "Arco ITA"]
[Date "2007.10.26"]
[Round "7"]
[White "Nicholson, John G."]
[Black "Qendro, Llambi"]
[Result "1/2-1/2"]
[WhiteElo "2170"]
[BlackElo "2404"]
[PlyCount "65"]
[EventDate "2007.10.20"]

1. e4 g6 2. d4 Bg7 3. Nc3 c6 4. Bc4 d6 5. Qf3 e6 6. Be3 Nd7 7. O-O-O Qe7 8. Bb3
e5 9. Qe2 Ngf6 10. f4 exf4 11. Bxf4 O-O 12. Nf3 Nb6 13. Rhe1 Nh5 14. Bg5 Qc7
15. Qd2 Bg4 16. Bh6 a5 17. a4 Bxh6 18. Qxh6 Bxf3 19. gxf3 d5 20. e5 Qe7 21. Ne2
Qh4 22. f4 f5 23. Rg1 Rf7 24. Rdf1 Qxh2 25. Ng3 Kh8 26. e6 Re7 27. Nxh5 Qxh5
28. Qxh5 gxh5 29. Rg5 Rf8 30. c3 Nc4 31. Bxc4 dxc4 32. Re1 Rf6 33. Rxh5 1/2-1/2

[Event "XIX Festival A"]
[Site "Arco ITA"]
[Date "2007.10.26"]
[Round "7"]
[White "Paltrinieri, Nicholas"]
[Black "Cardili, Mariano"]
[Result "1/2-1/2"]
[WhiteElo "1891"]
[BlackElo "2100"]
[PlyCount "114"]
[EventDate "2007.10.20"]

1. f4 d5 2. Nf3 Nf6 3. b3 Bg4 4. e3 Nbd7 5. Bb2 c6 6. h3 Bxf3 7. Qxf3 Qc7 8. d3
e5 9. Nd2 Bd6 10. g3 O-O-O 11. O-O-O h5 12. f5 Qa5 13. Kb1 Ba3 14. Ba1 Bb4 15.
Qf2 Bxd2 16. Rxd2 Qb6 17. Bg2 a5 18. c4 a4 19. Kc2 axb3+ 20. axb3 dxc4 21. dxc4
Nc5 22. Rb1 Nfe4 23. Bxe4 Nxe4 24. Rxd8+ Rxd8 25. Qe1 Nd2 26. Qxd2 Rxd2+ 27.
Kxd2 f6 28. Bc3 c5 29. e4 Qc6 30. Ke3 b5 31. Ra1 bxc4 32. bxc4 Qb7 33. Ra5 Qb1
34. Rxc5+ Kd7 35. Rd5+ Kc6 36. h4 Qg1+ 37. Kf3 Qf1+ 38. Ke3 Qxc4 39. Rd3 Qf7
40. Rd2 g6 41. Rf2 gxf5 42. Rxf5 Qg6 43. Rf3 Kb5 44. Be1 Kc4 45. Ba5 Qh6+ 46.
Ke2 Kd4 47. Bd8 Kxe4 48. Bxf6 Qc1 49. Rf2 Qe3+ 50. Kf1 Kd3 51. Kg2 e4 52. Bg5
Qb6 53. Ra2 Qb4 54. Ra8 Qc4 55. Ra3+ Kd4 56. Re3 Qc2+ 57. Kf1 Qd1+ 1/2-1/2

[Event "XIX Festival A"]
[Site "Arco ITA"]
[Date "2007.10.26"]
[Round "7"]
[White "Pierangeli, Andrea"]
[Black "Serafimov, Dimitar"]
[Result "1/2-1/2"]
[WhiteElo "2020"]
[BlackElo "2168"]
[PlyCount "141"]
[EventDate "2007.10.20"]

1. e4 c6 2. d4 d5 3. e5 g6 4. Be3 Bg7 5. Qd2 a6 6. Bd3 c5 7. c3 Nc6 8. Ne2 h5
9. O-O Nh6 10. f3 Nf5 11. Bf2 Bh6 12. f4 cxd4 13. cxd4 O-O 14. Nbc3 b5 15. Rac1
Na7 16. Kh1 Bg7 17. Nd1 Be6 18. Ne3 Nxe3 19. Bxe3 Qd7 20. f5 Bxf5 21. Bxf5 gxf5
22. Ng3 Rfc8 23. Nxf5 Rxc1 24. Qxc1 Rc8 25. Qd2 Rc6 26. Qf2 Qe8 27. Qf3 Rg6 28.
Qxh5 Nc8 29. Bh6 Bf8 30. Be3 e6 31. Nh4 Rg7 32. Bh6 Rh7 33. Qg4+ Bg7 34. Bg5
Ne7 35. Bf6 Kh8 36. Qg5 Ng8 37. Nf3 Qf8 38. Bxg7+ Rxg7 39. Qd2 Qd8 40. h3 Rg6
41. Rc1 Nh6 42. Rc6 Nf5 43. Qc1 Kh7 44. Rc8 Qe7 45. Qc7 Rg8 46. Qxe7 Nxe7 47.
Rc7 Re8 48. Ra7 Kg6 49. Rxa6 Rb8 50. a3 b4 51. a4 b3 52. Ra5 Rb4 53. Rb5 Rxa4
54. Rxb3 Nc6 55. Rd3 Rb4 56. Rd2 Na5 57. Kh2 Nc4 58. Rf2 Nxb2 59. g4 Nd1 60.
Re2 Nc3 61. Rc2 Ne4 62. h4 Rb3 63. Kg2 Ra3 64. Rb2 Ra1 65. h5+ Kh6 66. Rb7 Ra2+
67. Kh3 Ra3 68. Kg2 Ra2+ 69. Kh3 Ra3 70. Kg2 Ra2+ 71. Kh3 1/2-1/2

[Event "XIX Festival A"]
[Site "Arco ITA"]
[Date "2007.10.26"]
[Round "7"]
[White "Rigo, Marco"]
[Black "Rigo, Gianfrancesco"]
[Result "0-1"]
[WhiteElo "1882"]
[BlackElo "2063"]
[PlyCount "138"]
[EventDate "2007.10.20"]

1. d4 b6 2. e4 Bb7 3. Bd3 e6 4. Be3 Nf6 5. Nd2 Be7 6. Ne2 d6 7. f3 Nbd7 8. O-O
O-O 9. Qe1 c5 10. c3 Rc8 11. Rc1 cxd4 12. cxd4 Rxc1 13. Qxc1 Qb8 14. Qb1 e5 15.
Rc1 Rd8 16. d5 Nc5 17. b4 Nxd3 18. Qxd3 Rc8 19. a4 Nd7 20. Nb3 Rxc1+ 21. Bxc1
Qc8 22. a5 bxa5 23. Nxa5 Ba6 24. Qc3 Qxc3 25. Nxc3 Bd8 26. Be3 Bxa5 27. bxa5
Nc5 28. Bxc5 dxc5 29. Kf2 Kf8 30. Ke3 Ke7 31. f4 f6 32. fxe5 fxe5 33. Nd1 Kd6
34. Nf2 c4 35. Kd2 Kc5 36. Kc3 h5 37. g4 g6 38. gxh5 gxh5 39. Nd1 Bc8 40. Ne3
Ba6 41. Nf5 Bc8 42. Nh6 Bh3 43. Nf7 Bg2 44. d6 Kc6 45. Nxe5+ Kxd6 46. Kd4 c3
47. Nc4+ Ke6 48. Ne3 Bf3 49. h4 Kd6 50. Nc4+ Ke6 51. Kd3 c2 52. Kxc2 Bxe4+ 53.
Kc3 Kd5 54. Kb4 Bd3 55. Nb2 Bc2 56. Nc4 Bd3 57. Nb2 Be2 58. Na4 Ke4 59. Kc5 Kf4
60. Kc6 Kg3 61. Kb7 Kxh4 62. Kxa7 Kg3 63. Nc3 Bf3 64. Kb6 h4 65. a6 h3 66. a7
h2 67. Ne2+ Kg4 68. Nd4 h1=Q 69. Nxf3 Qxf3 0-1

[Event "XIX Festival A"]
[Site "Arco ITA"]
[Date "2007.10.26"]
[Round "7"]
[White "Savarese, Vincenzo"]
[Black "Kern, Beat"]
[Result "1-0"]
[WhiteElo "1859"]
[BlackElo "1694"]
[PlyCount "97"]
[EventDate "2007.10.20"]

1. e4 c6 2. d4 d5 3. exd5 cxd5 4. Bd3 Nf6 5. c3 e6 6. Nf3 Bd6 7. O-O Qc7 8. h3
O-O 9. Re1 Nbd7 10. Qe2 a6 11. Ne5 b5 12. Nd2 Nb6 13. Ndf3 Bb7 14. Bf4 Ne4 15.
Bxe4 dxe4 16. Ng5 Bd5 17. Nxe4 Bxe4 18. Qxe4 Rae8 19. Nd3 Bxf4 20. Qxf4 Qxf4
21. Nxf4 Rc8 22. Rad1 Rfd8 23. Rd3 Kf8 24. Rg3 Nc4 25. b3 Nb6 26. Rd3 g6 27.
Red1 Nd5 28. Nxd5 Rxd5 29. f4 h5 30. Re1 Rd7 31. Kf2 Rdc7 32. Ree3 Rd7 33. Ke2
Rcd8 34. Re5 Rd5 35. Rxd5 Rxd5 36. Re3 Rd7 37. h4 Rd5 38. Re5 Rd7 39. Kd3 Ke7
40. c4 bxc4+ 41. bxc4 Rb7 42. c5 Rb2 43. Re2 Rb1 44. Kc4 Kd7 45. g3 Kc6 46. Rc2
a5 47. Rc3 Rb4+ 48. Kd3 Kd5 49. c6 1-0

[Event "XIX Festival A"]
[Site "Arco ITA"]
[Date "2007.10.26"]
[Round "7"]
[White "Schaefer, Michael"]
[Black "Koelmans, Jan Willem"]
[Result "1-0"]
[WhiteElo "2247"]
[BlackElo "2008"]
[PlyCount "61"]
[EventDate "2007.10.20"]

1. d4 d5 2. c4 c6 3. Nc3 Nf6 4. Nf3 dxc4 5. e4 b5 6. e5 Nd5 7. a4 e6 8. g3 Bb7
9. Bg2 b4 10. Ne4 h6 11. O-O Nd7 12. Nfd2 Ba6 13. Qe2 Be7 14. Nxc4 Kf8 15. b3
Rb8 16. Bb2 h5 17. Qf3 h4 18. Rfe1 Bxc4 19. bxc4 Nc3 20. Nxc3 bxc3 21. Bxc3 Nb6
22. Qe2 hxg3 23. hxg3 Qc8 24. a5 Nd7 25. Qe4 Rb3 26. Qc2 Rb8 27. Qa4 c5 28. d5
exd5 29. cxd5 c4 30. d6 Bg5 31. Reb1 1-0

[Event "XIX Festival A"]
[Site "Arco ITA"]
[Date "2007.10.26"]
[Round "7"]
[White "Scharrer, Patrick"]
[Black "Burani, Eugenio"]
[Result "1-0"]
[WhiteElo "2220"]
[BlackElo "2017"]
[PlyCount "58"]
[EventDate "2007.10.20"]

1. e4 c5 2. Nf3 Nf6 3. d3 d6 4. g3 g6 5. Bg2 Bg7 6. O-O O-O 7. Nc3 Nc6 8. h3 a6
9. Be3 Re8 10. Rb1 Bd7 11. Nd2 Qc8 12. Kh2 b5 13. f4 Rb8 14. Ne2 e5 15. f5 gxf5
16. exf5 Nd4 17. g4 Bc6 18. Ne4 Nxe4 19. dxe4 Nxe2 20. Qxe2 f6 21. g5 Qb7 22.
Qg4 Kf8 23. Qh4 Ke7 24. Qxh7 Kd8 25. Rbd1 Rh8 26. Rxd6+ Kc8 27. Rxc6+ Qxc6 28.
Qxg7 Qe8 29. Qxf6 Kb7 1-0

[Event "XIX Festival A"]
[Site "Arco ITA"]
[Date "2007.10.26"]
[Round "7"]
[White "Schrott, Ernst"]
[Black "Pipitone, Antonio"]
[Result "1-0"]
[WhiteElo "2103"]
[BlackElo "2028"]
[PlyCount "132"]
[EventDate "2007.10.20"]

1. e4 c5 2. Nf3 d6 3. d4 cxd4 4. Nxd4 Nf6 5. Nc3 Nc6 6. Bc4 e6 7. Be3 Be7 8.
Qe2 O-O 9. O-O Qc7 10. Rad1 a6 11. a4 Bd7 12. f4 Nxd4 13. Rxd4 e5 14. Rd2 Rac8
15. Bb3 Be6 16. f5 Bc4 17. Bxc4 Qxc4 18. Bg5 Qxe2 19. Rxe2 Rc4 20. Bxf6 Bxf6
21. Rd1 Rd8 22. Red2 Be7 23. Rd3 Rdc8 24. Nd5 Bd8 25. Rc3 Kf8 26. Rxc4 Rxc4 27.
Nc3 Bb6+ 28. Kf1 Bd4 29. Rd3 Bxc3 30. Rxc3 Rxa4 31. Rd3 Ra2 32. Rb3 b5 33. Ke2
Ra4 34. Ke3 Rc4 35. c3 Ke7 36. Ra3 Rc6 37. Kd3 Kf6 38. b3 g6 39. Ra2 gxf5 40.
Rf2 f4 41. g3 Kg5 42. gxf4+ exf4 43. Rg2+ Kf6 44. Rg4 Ke5 45. Rg7 Rc7 46. Rxh7
Rc5 47. Rxf7 d5 48. Rf5+ Ke6 49. Kd4 Rc7 50. Re5+ Kf6 51. Rxd5 Rh7 52. Rf5+ Ke6
53. Rxf4 Rxh2 54. Rg4 Rd2+ 55. Ke3 Rb2 56. b4 Ra2 57. Rg5 Kd6 58. Rh5 Ke6 59.
Rc5 Kd6 60. Rd5+ Kc6 61. Rd3 a5 62. bxa5 Rxa5 63. Kf4 Ra4 64. Kf5 b4 65. cxb4
Rxb4 66. e5 Ra4 1-0

[Event "XIX Festival A"]
[Site "Arco ITA"]
[Date "2007.10.26"]
[Round "7"]
[White "Thonig, Manfred"]
[Black "Ludovici, Roberto"]
[Result "0-1"]
[WhiteElo "1739"]
[BlackElo "1864"]
[PlyCount "90"]
[EventDate "2007.10.20"]

1. f4 d5 2. d4 Nf6 3. Nf3 e6 4. e3 c5 5. c4 Nc6 6. cxd5 Qxd5 7. Nc3 Qd8 8. Bb5
Bd7 9. Bxc6 Bxc6 10. O-O Be7 11. Ne5 Qd6 12. Nxc6 Qxc6 13. Qe2 cxd4 14. exd4
O-O 15. Be3 Nd5 16. Rac1 Nxe3 17. Qxe3 Qb6 18. b3 Bf6 19. Ne2 Rfd8 20. Rfd1
Rac8 21. Rxc8 Rxc8 22. Qe4 Rd8 23. g4 g6 24. Kh1 Qa6 25. g5 Bg7 26. a4 Qb6 27.
Qd3 Qc6+ 28. Kg1 Qd5 29. h4 e5 30. Qe3 exd4 31. Qd3 a6 32. Rc1 Qe6 33. Qf3 d3
34. Ng3 Qxb3 35. Rd1 Qc2 36. Ne4 Bd4+ 37. Kh1 Bg7 38. Rd2 Qb1+ 39. Rd1 Qc2 40.
Rd2 Qc4 41. Nf2 Qxa4 42. Rxd3 Rxd3 43. Qxd3 Qxf4 44. Qd8+ Bf8 45. Nd3 Qd6 0-1

[Event "XIX Festival A"]
[Site "Arco ITA"]
[Date "2007.10.26"]
[Round "7"]
[White "Trauth, Michael"]
[Black "Del Nevo, Claudio"]
[Result "1/2-1/2"]
[WhiteElo "2180"]
[BlackElo "1889"]
[PlyCount "85"]
[EventDate "2007.10.20"]

1. g3 Nf6 2. Bg2 g6 3. Nf3 d6 4. O-O Bg7 5. c4 O-O 6. Nc3 c6 7. d3 Nbd7 8. Qc2
Qc7 9. b3 b6 10. Bb2 Bb7 11. Rac1 Rac8 12. e3 a6 13. Qe2 c5 14. d4 e6 15. Rfd1
Ne4 16. d5 Nxc3 17. Bxc3 e5 18. e4 Nf6 19. h3 Rb8 20. Bd2 b5 21. Nh2 b4 22. Ng4
Nxg4 23. hxg4 Bc8 24. g5 Bd7 25. Bf3 f5 26. gxf6 Bxf6 27. Bg4 Qc8 28. Bxd7 Qxd7
29. Kg2 Qe7 30. Qg4 Rf7 31. Rh1 Qd7 32. Qxd7 Rxd7 33. Rce1 Rf7 34. Rhf1 Rbf8
35. f3 Bg7 36. Re2 a5 37. a4 h5 38. Ref2 Kh7 39. g4 hxg4 40. fxg4 Rxf2+ 41.
Rxf2 Rxf2+ 42. Kxf2 Bf6 43. Kf3 1/2-1/2

[Event "XIX Festival A"]
[Site "Arco ITA"]
[Date "2007.10.26"]
[Round "7"]
[White "Trifoni, Giorgio"]
[Black "Minniti, Giuseppe"]
[Result "0-1"]
[WhiteElo "1658"]
[BlackElo "1827"]
[PlyCount "112"]
[EventDate "2007.10.20"]

1. e4 d5 2. exd5 Nf6 3. Nc3 Nxd5 4. Nge2 e6 5. b3 Nd7 6. Nxd5 exd5 7. Bb2 Nf6
8. Nf4 Be7 9. Bd3 Bg4 10. Be2 Bxe2 11. Qxe2 O-O 12. O-O d4 13. c3 Re8 14. Qf3
dxc3 15. dxc3 Qd2 16. Rab1 Bd6 17. Nh5 Nxh5 18. Qxh5 Re5 19. Qf3 Qh6 20. g3 Qh3
21. Qxb7 Rae8 22. Qg2 Qxg2+ 23. Kxg2 Re2 24. c4 Bc5 25. Bc3 Rc2 26. Rbc1 Ree2
27. Rxc2 Rxc2 28. Be5 Rxa2 29. Bxc7 Rb2 30. h4 h6 31. Kh3 Rxb3 32. Be5 f6 33.
Ba1 a5 34. Bxf6 gxf6 35. Rd1 Bxf2 36. Rd8+ Kf7 37. Rd7+ Kg6 38. h5+ Kxh5 39.
Rd5+ Kg6 40. Kg2 Be1 41. c5 Rxg3+ 42. Kh2 Rc3 43. Rd1 Bf2 44. c6 Rxc6 45. Ra1
Ra6 46. Ra4 Be1 47. Kg2 Bb4 48. Kg3 Rd6 49. Ra2 Rd3+ 50. Kf4 Rd2 51. Ra1 Rg2
52. Kf3 Rg5 53. Ra2 h5 54. Kf4 Bd6+ 55. Ke4 h4 56. Ra3 Bxa3 0-1

[Event "XIX Festival A"]
[Site "Arco ITA"]
[Date "2007.10.26"]
[Round "7"]
[White "Vezzosi, Paolo"]
[Black "Serafimov, Tervel"]
[Result "1-0"]
[WhiteElo "2323"]
[BlackElo "2379"]
[PlyCount "113"]
[EventDate "2007.10.20"]

1. Nf3 g6 2. e4 Bg7 3. d4 d6 4. Nc3 Nf6 5. h3 O-O 6. Be3 Nbd7 7. Bc4 e6 8. e5
Nd5 9. Bxd5 exd5 10. Bg5 f6 11. exf6 Re8+ 12. Kf1 Bxf6 13. Qd2 c6 14. h4 Bxg5
15. hxg5 Nf8 16. Rh4 Bf5 17. g4 Be4 18. Ng1 Ne6 19. f3 Nxg5 20. fxe4 Nxe4 21.
Nxe4 Qxh4 22. Nf2 Qg3 23. Ne2 Qf3 24. Ng1 Qf6 25. Kg2 Re7 26. c3 Rae8 27. Rf1
Rf8 28. Re1 Ref7 29. Re2 h5 30. g5 Qf5 31. Qe3 c5 32. Ngh3 cxd4 33. cxd4 Qb1
34. Qe6 Qf5 35. Qxf5 Rxf5 36. Re6 Kg7 37. Nd1 h4 38. Ne3 Rf3 39. Nxd5 Rg3+ 40.
Kh2 Rc8 41. Nc3 b5 42. Rxd6 b4 43. Rd7+ Kf8 44. Nd1 Rc2+ 45. Nhf2 Rxg5 46. Kh3
Rg1 47. Kxh4 g5+ 48. Kh5 Ke8 49. Rg7 Rg2 50. Ng4 Rg3 51. d5 Re2 52. Nf6+ Kd8
53. d6 Rh3+ 54. Kg6 Rh8 55. Rxa7 Rc2 56. Ne3 Rg8+ 57. Kf7 1-0

[Event "XIX Festival A"]
[Site "Arco ITA"]
[Date "2007.10.26"]
[Round "7"]
[White "Vink, Wim"]
[Black "Battiston, Claudio"]
[Result "1/2-1/2"]
[WhiteElo "2084"]
[BlackElo "1882"]
[PlyCount "35"]
[EventDate "2007.10.20"]

1. d4 Nf6 2. c4 g6 3. Nc3 Bg7 4. e4 d6 5. g3 O-O 6. Bg2 e5 7. Nge2 Nc6 8. O-O
exd4 9. Nxd4 Nxe4 10. Nxc6 Nxc3 11. bxc3 bxc6 12. Bxc6 Bh3 13. Re1 Bxc3 14. Bh6
Qf6 15. Rc1 Bxe1 16. Qxe1 Rab8 17. Bxf8 Kxf8 18. Qe3 1/2-1/2

[Event "XIX Festival A"]
[Site "Arco ITA"]
[Date "2007.10.26"]
[Round "7"]
[White "Vistisen, Lars"]
[Black "Niccoli, Paolo"]
[Result "1/2-1/2"]
[WhiteElo "2153"]
[BlackElo "1861"]
[PlyCount "88"]
[EventDate "2007.10.20"]

1. e4 e6 2. d4 d5 3. Nd2 c5 4. Ngf3 Nc6 5. c3 dxe4 6. Nxe4 cxd4 7. cxd4 Bb4+ 8.
Bd2 Qa5 9. Bd3 Bxd2+ 10. Nexd2 Nf6 11. O-O O-O 12. a3 b6 13. Ne4 Rd8 14. Nxf6+
gxf6 15. Bxh7+ Kxh7 16. Qc2+ Kg7 17. Qxc6 Ba6 18. Rfe1 Rac8 19. Qe4 Qh5 20. Re3
Bc4 21. Ne1 Bd5 22. Rg3+ Kf8 23. Qe3 Ke7 24. Rc1 Qf5 25. Rxc8 Rxc8 26. h3 Qb1
27. Qd2 Rc1 28. Qb4+ Kd7 29. Re3 a5 30. Qd2 Rd1 31. Qc3 Rc1 32. Qd2 Rd1 33. Qe2
Bc4 34. Qxc4 Rxe1+ 35. Rxe1 Qxe1+ 36. Qf1 Qd2 37. Qb5+ Kc7 38. Qc4+ Kd7 39. Qc3
Qd1+ 40. Kh2 Qe2 41. f3 f5 42. b4 a4 43. f4 Qf2 44. Qf3 Qxd4 1/2-1/2

[Event "XIX Festival A"]
[Site "Arco ITA"]
[Date "2007.10.26"]
[Round "7"]
[White "Voermans, Adri"]
[Black "Mombelli, Antonio"]
[Result "1/2-1/2"]
[WhiteElo "1887"]
[BlackElo "1717"]
[PlyCount "50"]
[EventDate "2007.10.20"]

1. d4 d5 2. c4 c6 3. e3 Nf6 4. Nc3 a6 5. a4 Bf5 6. b3 e6 7. Bd2 Bb4 8. Nf3 O-O
9. Be2 h6 10. O-O a5 11. Re1 Nbd7 12. cxd5 exd5 13. Na2 Bxd2 14. Nxd2 Re8 15.
b4 axb4 16. Nxb4 Ne4 17. Nxe4 Bxe4 18. Bd3 c5 19. Bxe4 dxe4 20. Nd5 Qa5 21. Rb1
cxd4 22. Rb5 Qxa4 23. Rxb7 Qxd1 24. Rxd1 Nc5 25. Rb5 Ne6 1/2-1/2

[Event "XIX Festival A"]
[Site "Arco ITA"]
[Date "2007.10.26"]
[Round "7"]
[White "Von Wantoch, Markus"]
[Black "Panican, Gheorghe"]
[Result "0-1"]
[WhiteElo "1974"]
[BlackElo "2104"]
[PlyCount "108"]
[EventDate "2007.10.20"]

1. e4 c5 2. Nc3 d6 3. g3 Nc6 4. Bg2 Nf6 5. d3 g6 6. f4 Bg7 7. Nf3 O-O 8. O-O e5
9. fxe5 dxe5 10. Bg5 h6 11. Be3 b6 12. h3 Be6 13. Qd2 Kh7 14. Rad1 Qd7 15. Kh2
Rad8 16. g4 Ng8 17. Qf2 f5 18. gxf5 gxf5 19. Qh4 f4 20. Ng5+ Kh8 21. Nxe6 Qxe6
22. Bg1 Nce7 23. Bf3 Nf6 24. Bg4 Qf7 25. Be2 Ng6 26. Qe1 Rg8 27. Bf2 Nf8 28.
Rg1 Ne6 29. Bh4 Rdf8 30. Rd2 Nd4 31. Qf1 Nh5 32. Bxh5 Qxh5 33. Rg4 Bf6 34.
Bxf6+ Rxf6 35. Rxg8+ Kxg8 36. Rg2+ Rg6 37. Rxg6+ Qxg6 38. Qg2 Qxg2+ 39. Kxg2
Nxc2 40. Kf3 Nb4 41. Ke2 Kf7 42. a3 Nc6 43. Kf3 Kg6 44. Nd5 Kg5 45. b4 cxb4 46.
axb4 a5 47. Nxb6 axb4 48. Nc4 b3 49. Kg2 Nd4 50. Kh2 Nf3+ 51. Kh1 h5 52. Kg2
Ne1+ 53. Kf1 Nxd3 54. Ke2 b2 0-1

[Event "XIX Festival A"]
[Site "Arco ITA"]
[Date "2007.10.26"]
[Round "7"]
[White "Vuelban, Virgilio"]
[Black "Giovannini, Roberto"]
[Result "1-0"]
[WhiteElo "2399"]
[BlackElo "2013"]
[PlyCount "53"]
[EventDate "2007.10.20"]

1. d4 d5 2. c4 c6 3. e3 Nf6 4. Nc3 a6 5. Qc2 b5 6. b3 Bg4 7. Bd3 e6 8. Nge2
Bxe2 9. Bxe2 Be7 10. O-O Nbd7 11. Bb2 Qb8 12. Rfd1 h5 13. Bf3 Ng4 14. g3 f5 15.
cxd5 cxd5 16. Bxd5 exd5 17. Nxd5 Bd6 18. Qxf5 Ra7 19. Rac1 Kd8 20. Rc6 Ngf6 21.
Rdc1 h4 22. Nxf6 gxf6 23. d5 Rf8 24. Qe6 Be5 25. Bxe5 fxe5 26. d6 Nb6 27. Rc7
1-0

[Event "XIX Festival A"]
[Site "Arco ITA"]
[Date "2007.10.26"]
[Round "7"]
[White "Wagner, Frank"]
[Black "Buck, Klaus-Michael"]
[Result "1/2-1/2"]
[WhiteElo "1961"]
[BlackElo "1784"]
[PlyCount "20"]
[EventDate "2007.10.20"]

1. e4 e6 2. d4 d5 3. exd5 exd5 4. Nf3 Nf6 5. Bg5 Bg4 6. Be2 Be7 7. O-O O-O 8.
c4 c6 9. Nc3 dxc4 10. Bxc4 Nd5 1/2-1/2

[Event "XIX Festival A"]
[Site "Arco ITA"]
[Date "2007.10.26"]
[Round "7"]
[White "Weinberg, Emanuele"]
[Black "Caldara, Sisto"]
[Result "1/2-1/2"]
[WhiteElo "1907"]
[BlackElo "1760"]
[PlyCount "59"]
[EventDate "2007.10.20"]

1. d4 d6 2. c4 Nf6 3. Nc3 c6 4. e4 Qc7 5. g3 Bg4 6. Qc2 h5 7. h3 Bd7 8. Nf3 e5
9. Bg2 a5 10. Be3 Na6 11. a3 Be7 12. O-O b5 13. cxb5 cxb5 14. Qe2 b4 15. axb4
Nxb4 16. Rfc1 Qb8 17. Ng5 O-O 18. Bf1 g6 19. d5 Bd8 20. Nb5 Bb6 21. Bxb6 Qxb6
22. Na3 Rfc8 23. Rxc8+ Bxc8 24. Rc1 Qd8 25. h4 Ng4 26. Kh1 Qb6 27. f3 Nf6 28.
Nc4 Qd8 29. Qe3 Rb8 30. Qa7 1/2-1/2

[Event "XIX Festival A"]
[Site "Arco ITA"]
[Date "2007.10.26"]
[Round "7"]
[White "Wohl, Aleksandar H."]
[Black "Isonzo, David"]
[Result "1-0"]
[WhiteElo "2415"]
[BlackElo "2339"]
[PlyCount "69"]
[EventDate "2007.10.20"]

1. Nf3 Nf6 2. d4 g6 3. e3 Bg7 4. Be2 O-O 5. O-O c5 6. Nbd2 cxd4 7. exd4 Nc6 8.
Re1 d5 9. c3 Bf5 10. Nf1 Qc7 11. Ne3 Be6 12. Bd3 Rab8 13. g3 b5 14. Ng2 Qb6 15.
Bg5 Bg4 16. Ne3 Be6 17. Ng2 Bg4 18. Bxf6 Bxf6 19. Ne3 Be6 20. h4 b4 21. Kg2
bxc3 22. bxc3 Qb2 23. Re2 Qa3 24. Rc2 Na5 25. Ng5 Bxg5 26. hxg5 Rfc8 27. Qc1
Qd6 28. Qh1 Nc4 29. Bxc4 dxc4 30. Qh6 Bd5+ 31. f3 Qc6 32. Nxd5 Qxd5 33. Rh1 e5
34. Qxh7+ Kf8 35. Re1 1-0